Top 30 NBA 2018 Players - Statistics

General Stats
  • This quiz has been taken 766 times
  • The average score is 25 of 30
Answer Stats
Rank Player Team % Correct
1 James Harden Houston Rockets
100%
2 LeBron James Cleveland Cavaliers
100%
6 Damian Lillard Portland Trail Blazers
99%
7 Giannis Antetokounmpo Milwaukee Bucks
99%
4 Kevin Durant Golden State Warriors
99%
5 Russell Westbrook Oklahoma City Thunder
99%
11 Stephen Curry Golden State Warriors
99%
3 Anthony Davis New Orleans Pelicans
98%
13 Joel Embiid Philadelphia 76ers
95%
16 Chris Paul Houston Rockets
93%
9 DeMar DeRozan Toronto Raptors
91%
20 Karl-Anthony Towns Minnesota Timberwolves
91%
21 Nikola Jokic Denver Nuggets
91%
27 Klay Thompson Golden State Warriors
89%
12 Bradley Beal Washington Wizards
88%
18 Jimmy Butler Minnesota Timberwolves
88%
23 Rudy Gobert Utah Jazz
86%
22 Khris Middleton Milwaukee Bucks
85%
15 Kyrie Irving Boston Celtics
85%
17 Donovan Mitchell Utah Jazz
84%
14 Ben Simmons Philadelphia 76ers
83%
24 DeMarcus Cousins New Orleans Pelicans
73%
8 LaMarcus Aldridge San Antonio Spurs
72%
10 Victor Oladipo Indiana Pacers
68%
29 Andre Drummond Detroit Pistons
67%
19 Al Horford Boston Celtics
66%
25 Jrue Holiday New Orleans Pelicans
65%
28 Lou Williams Los Angeles Clippers
44%
26 Goran Dragic Miami Heat
42%
30 Dwight Howard Charlotte Hornets
31%
No matching quizzes found
Score Distribution
Percent of People with Each Score
Percentile by Number Answered
Your Score History
You have not taken this quiz